| 000 | 00409nem a2200157 i 4500 | ||
|---|---|---|---|
| 001 | 97208 | ||
| 003 | ES-MaACL | ||
| 005 | 20230906182047.0 | ||
| 007 | t| | ||
| 008 | 050707s1824 fr | |0|1||spa d | ||
| 245 | 0 | 0 |
_aMapas del N.E. de España [ _hMaterial cartográfico]. |
| 260 |
_aParis : _bDepot de la guerre, _c1824. |
||
| 300 | _b5 map. pleg. | ||
| 500 | _aTexto francés. | ||
| 852 |
_aES-MaACL _jG-6883 |
||
| 999 |
_c97208 _d97208 |
||